000 00817cam a2200301 4500
001 J97214
008 090401t1999 xxu||||| |||| 00| 0 eng d
035 _a(Sirsi) u91886
041 _aeng
050 _a333.33016
110 _aRichard Ellis
_91875
245 _aRichard Ellis St. Quintin Scottish monthly index. - January 1999 - December 1999
260 _aLondon
_bRichard Ellis St. Quintin
_c1999
300 _a12 pt. ; 30cm.
350 _a0
650 _aCAPITAL VALUES
650 _aINDUSTRIAL PROPERTY
650 _aOFFICES
650 _aPROPERTY INDICES
650 _aPROPERTY INVESTMENT
650 _aRENTAL VALUES
650 _aSCOTLAND
650 _aSHOPS
690 _aPROPERTY-COMMERCIAL PROPERTY
710 _aRichard Ellis St. Quintin
_93738
942 _n0
948 _c09/03/1999
999 _c97680
_d97680